|
|
|
|
| LEADER |
00965nam a2200217 a 4500 |
| 008 |
090820s1999 si a b 001 0 eng d |
| 020 |
|
|
|a 981023306X
|
| 020 |
|
|
|a 9789810233068
|
| 040 |
|
|
|a UKM
|c UKM
|d ZCU
|d GZM
|
| 082 |
0 |
4 |
|a 537.622
|2 21
|
| 100 |
1 |
|
|a Srivastava, G. P.
|
| 245 |
1 |
0 |
|a Theoretical modelling of semiconductor surfaces :
|b microscopic studies of electrons and phonons /
|c G.P. Srivastava.
|
| 260 |
|
|
|a Singapore ;
|a River Edge, NJ :
|b World Scientific,
|c 1999.
|
| 300 |
|
|
|a xvii, 327p. :
|b ill. ;
|c 22 cm.
|
| 504 |
|
|
|a Includes bibliographical references and indexes.
|
| 541 |
1 |
|
|e 00014606
|
| 650 |
0 |
|
|a Semiconductors
|x Surfaces.
|
| 650 |
|
0 |
|a Semiconductors
|x Surfaces.
|
| 852 |
|
0 |
|a Ayesha Abed Library
|j General Shelf.
|
| 999 |
|
|
|c 3445
|d 3445
|
| 952 |
|
|
|0 0
|1 0
|2 ddc
|4 0
|6 537_622000000000000_SRI_1999
|7 0
|9 3128
|a BRACUL
|b BRACUL
|c GEN
|d 2009-09-01
|g 0.00
|l 0
|o 537.622 SRI
|p 3010014606
|r 2009-09-01
|t 1
|w 2009-09-01
|y BK
|x No price found in the accession register.
|